00958nam a2200229 a 4500001001000000003000500010005001700015008004100032010001100073011001100084040000900095100004100104245020100145260004100346500006000387502009800447650002900545650003800574650001500612650003100627856007000658000110894CHAP20220329144150.0141020s2014 mx |sm |||||||spa d a107356 a108328 cCHAP1 aTorre López, Raquel Yazmín de la10aProducción de plántula de melón (Cucumis melo L.) con diferentes dosis de micorrizas y fertilización bajo condiciones de invernaderoh[En línea]cpor Raquel Yazmín de la Torre López. aBermejillo, Dgo. :bEl autor,c2014. aPara ver el contenido del material haga clic en la liga aTesis (Ing. en Sistemas Agrícolas) -- UACH. Unidad Regional Universitaria de Zonas Áridas14aCultivos en invernadero.14aFertilizantesxEfecto en melón.14aMicorriza.14aPlántulasxProducción. aFinding aiduhttp://10.13.5.2/tesis/sist110894.pdfzTeclea aquí